| 000 | 00457nam a2200181Ia 4500 | ||
|---|---|---|---|
| 003 | GCL | ||
| 040 |
_aGCL / _cGCL |
||
| 082 | 0 | 4 |
_aCC _b493.1 _bS A |
| 100 | 1 | _aSETHE, KURT | |
| 245 | 1 | 0 |
_aAEGYPTISCHE LESESTUCKE / _cSETHE, KURT |
| 260 |
_a[S.N] : _bJ.C. HINRICHS'SCHE BUCHHANDL LUNEG ، _c1928 |
||
| 300 | _a100 P | ||
| 650 | 0 | 4 | _aEGYPT |
| 650 | 0 | 4 | _aEGYPTIAN LANGUAGE |
| 650 | 0 | 4 | _aANCIENT EGYPTIAN LANGUAGE |
| 650 | 0 | 4 | _aHIEROGLYPHES |
| 942 |
_2ddc _cBK |
||
| 999 |
_c11345 _d11345 |
||